000 01969nam0a2200361 i 4500
001 RU\NLR\bibl\2084367
005 20241103015853.0
010 _a9785983010499
_9500
021 _aRU
_b2013-74220
_95092
035 _a(NLR Aleph) 002074502
090 _a4789896
_c4789896
100 _a20130916d2013 u y0rusy50 ca
101 0 _arus
102 _aRU
105 _ay z |00yy
200 1 _aСтруктурная организация бульбарного отдела сердечно-сосудистого центра
_dStructural organization of bulbar part cardiovascular center
_fВ. М. Черток, А. Е. Коцюба
_gМ-во здравоохранения Рос. Федерации, Тихоокеан. гос. мед. ун-т
_zeng
210 _aВладивосток
_cМедицина ДВ
_d2013
215 _a162, [1] с.
_cил., цв. ил.
_d22
300 _aАвт. также на англ. яз.: V.M. Chertok, A.E. Kotsyuba
320 _aБиблиогр.: с. 142-162 (275 назв.)
510 1 _6z20790
_aStructural organization of bulbar part cardiovascular center
_zeng
606 1 _aСердечно-сосудистый центр
_xАнатомия
_92188512
_3RU\NLR\AUTH\6601551643
606 _aСердечно-сосудистый центр
_xФизиология
_91969784
_3RU\NLR\AUTH\66902432
686 1 _aЕ864.417.76
686 1 _aЕ991.770.11
700 1 _7ca
_8rus
_aЧерток
_bВ. М.
_f1947-
_gВиктор Михайлович
_9134650
_3RU\NLR\AUTH\770134684
701 1 _7ca
_8rus
_aКоцюба
_bА. Е.
_cканд. мед. наук
_gАлександр Евгеньевич
_9134651
_3RU\NLR\AUTH\770134685
790 1 _7ba
_8rus
_aČertok
_bV. M.
_f1947-
_gViktor Michajlovič
_9134648
_3RU\NLR\AUTH\770134682
790 1 _7ba
_8rus
_aKocjuba
_bA. E.
_cканд. мед. наук
_gAleksandr Evgen'evič
_9134652
_3RU\NLR\AUTH\770134686
942 _cBOOK
980 _aNBR